Estudio de factibilidad del sistema de registro académico y control de programas para la dirección de posgrado UNI
Presenta estudio de factibilidad desarrollado para la dirección de posgrado de la Universidad Nacional de Ingeniería, en él se propone el desarrollo de un sitio que permita realizar los procesos y controles de registros académicos de los programas ofrecidos por la entidad, de igual manera mostra...
| Main Author: | |
|---|---|
| Other Authors: | |
| Format: | Tesis Section = Libro |
| Language: | Undetermined Spanish |
| Published: |
Managua
UNI
2011
|
| Subjects: |
| LEADER | 01130nam a2200229Ia 4500 | ||
|---|---|---|---|
| 008 | 240830s9999 xx 000 0 und d | ||
| 040 | |a BIBLIOTECA-RUSB/ Mon 003 A267 | ||
| 041 | |a spa | ||
| 082 | |a Mon 003 A267 | ||
| 100 | 1 | |a Aguilar Romero, Maryourie Sofía | |
| 245 | 1 | 0 | |a Estudio de factibilidad del sistema de registro académico y control de programas para la dirección de posgrado UNI |
| 260 | |a Managua |b UNI |c 2011 | ||
| 300 | |a 52 p. :il. | ||
| 502 | |a Tesis (Ingeniero en Computación) - UNI, 2011. | ||
| 520 | 3 | |a Presenta estudio de factibilidad desarrollado para la dirección de posgrado de la Universidad Nacional de Ingeniería, en él se propone el desarrollo de un sitio que permita realizar los procesos y controles de registros académicos de los programas ofrecidos por la entidad, de igual manera mostrará la oferta de los mismos. | |
| 650 | 7 | |a SISTEMA AUTOMATIZADO DE INFORMACIÓN - REGISTRO ACADÉMICO | |
| 650 | 7 | |b SISTEMA DE REGISTRO ACADÉMICO EN LÍNEA | |
| 650 | 7 | |c ESTUDIO DE FACTIBILIDAD | |
| 700 | 1 | |a Tutor: |b Parrales López, Isrami | |
| 942 | |c BK |2 ddc | ||
| 991 | |a TESIS | ||
| 999 | |c 19573 | ||